| 000 | 01142nam a22002657a 4500 | ||
|---|---|---|---|
| 005 | 20101206113148.0 | ||
| 008 | 101206t xxu||||| |||| 00| 0 hin d | ||
| 010 | _aHIN-93286 | ||
| 020 |
_c250.00 _a8190393820 |
||
| 035 | _aHN-65632 | ||
| 037 | _bDBAD/PUB | ||
| 040 |
_aDPL _bHN |
||
| 082 | _a509.2 | ||
| 100 |
_924598 _aचोपड़ा, सीमा |
||
| 245 |
_aप्रमुख आविष्कार एवं आविष्कार / _cसीमा चोपड़ा |
||
| 260 |
_aइलाहाबाद _bभारतीय संस्कार प्रकाशन _c2010 |
||
| 270 |
_bइलाहाबाद _a145/116, भुसौली टोला, खुल्दाबाद _k0532- 2618599 |
||
| 300 |
_a128पृ. _c22सेमी (सजिल्द) _bसचित्र |
||
| 650 | _91169 | ||
| 650 | _929580 | ||
| 700 | _924599 | ||
| 700 | _924924 | ||
| 942 |
_2ddc _cHN _mचोपड़ा _h509.2 |
||
| 999 |
_c54082 _d54082 |
||